Manual de viticultura: guía técnica de viticultura
Gorde:
| Egile nagusia: | |
|---|---|
| Formatua: | Liburua |
| Hizkuntza: | gaztelania |
| Argitaratua: |
Madrid
Mundi-Prensa
2001
|
| Edizioa: | 6a. ed |
| Gaiak: | |
| Etiketak: |
Etiketa erantsi
Etiketarik gabe, Izan zaitez lehena erregistro honi etiketa jartzen!
|
MARC
| LEADER | 00000cam a2200000 a 4500 | ||
|---|---|---|---|
| 001 | UCI0006 | ||
| 003 | CL-VaPUC | ||
| 005 | 20250228115630.0 | ||
| 008 | 070420e20010000SP |||||||||||||||||spa|d | ||
| 999 | |c 325303 |d 325301 | ||
| 020 | |a 847114946X | ||
| 040 | |c Pontificia Universidad Católica de Valparaíso | ||
| 082 | 0 | 4 | |a 634.8 |b REY |2 21 |
| 100 | 0 | |a Reynier, Alain |e author |9 520056 | |
| 245 | 1 | 0 | |a Manual de viticultura: guía técnica de viticultura |
| 250 | |a 6a. ed | ||
| 260 | |a Madrid |b Mundi-Prensa |c 2001 | ||
| 300 | |a 497 p | ||
| 583 | |a last modification |c 20150121 05:04:07 |k Rodrigo Vera | ||
| 650 | 0 | |a Viticultura |v Manual |9 301210 | |
| 650 | 0 | |a Vid |9 892678 |x Anatomía |x Morfología | |
| 650 | 0 | |a Viñedos |9 389603 | |
| 650 | 0 | |a Ampelografía |9 892672 | |
| 942 | |c BK |2 ddc | ||
| 945 | |d 20070420 00:00:00 |a cmena | ||
| 952 | |0 0 |1 0 |4 0 |6 634_800000000000000_REY_2001 |7 0 |8 A |9 406014 |a BIBAGR |b BIBAGR |d 2019-11-22 |i 4332334 |l 1 |o 634.8 REY 2001 |p 4332334 |r 2025-01-20 |s 2024-05-14 |w 2019-11-22 |y BK |k AGR | ||
| 952 | |0 0 |1 0 |4 0 |6 634_800000000000000_REY_2001 |7 0 |8 A |9 406015 |a BIBAGR |b BIBAGR |d 2019-11-22 |i 4332342 |l 1 |o 634.8 REY 2001 |p 4332342 |r 2025-01-20 |s 2022-03-10 |w 2019-11-22 |y BK |k AGR | ||
| 952 | |0 0 |1 0 |3 erb |4 0 |6 634_800000000000000_REY_2001 |7 0 |8 A |9 406016 |a BIBAGR |b BIBAGR |i 5136369 |l 4 |o 634.8 REY 2001 |p 5136369 |r 2025-01-20 |s 2022-06-14 |w 2019-11-22 |y BK |z Catalogado en:20150123 |k AGR | ||